Chiens selon leur race d'après les photos - Statistiques

Statistiques générales
  • Ce quiz a été pris 99 fois
  • Le résultat moyen est 19 sur 42
Statistiques - réponses
Par images Réponse % Correct
dalmatien
93%
berger allemand
89%
Husky
85%
labrador
83%
chihuahua
81%
teckel
77%
border collie
76%
berger australien
75%
boxer
74%
saint-Bernard
74%
carlin
73%
beagle
71%
golden retriever
68%
bouledogue
63%
bouvier bernois
60%
chow-chow
58%
fox-terrier
57%
dobermann
51%
rottweiler
49%
épagneul breton
48%
yorkshire
46%
akita inu
45%
lévrier afghan
43%
shar pei
40%
bull terrier
36%
colley
33%
dogue allemand
32%
pit-bull
30%
bichon maltais
29%
braque allemand
20%
berger malinois
18%
pékinois
17%
chien chinois à crête
15%
coton de tuléar
12%
airedale
10%
eurasier
10%
spitz allemand
10%
cavalier king Charles spaniel
7%
dingo
5%
basset artésien
4%
cocker spaniel anglais
1%
jaxk russel terrier
0%
Aucun quiz correspondant
Distribution des résultats
% des personnes avec chaque résultat
Percentile par nombre de réponses
Votre historique - résultats
Vous n’avez pas pris ce quiz